000 00505ntaaa2200205 4500
003 01
005 20251027201721.0
008 0714s1973 ag 01
020 _a282540831X
040 _aAR-BaBN
_bspa
_cAR-BaBN
_eaacr
_dRIC
082 _a234.1600 K62w
100 _aKinnamon, Michael
_915618
245 _aWhy it matters
250 _a1 ed.
260 _aGeneva :
_bWorld Council of Churches,
_c1985
300 _a72 p ;
_c21 cm
500 _aContiene apendices
650 _aeucarista
942 _cBK
999 _c11848
_d11848